000 00256ngm a2200109Ia 4500
005 20251220232532.0
008 251220s1900||||xx ||| | || ||spa||
082 _a858.9/T42
100 _a"Testori, Giovanni"
245 0 _aEl puente de la Ghisolfa
942 _cCD
999 _c351
_d351